000 00546nam a2200217Ia 4500
003 OSt
005 20221007083037.0
006 a|||||r|||| 00| 0
007 ta
008 221006b |||||||| |||| 00| 0 eng d
024 _a46,318
037 _cDissertations
040 _aFLL
_cFLL
_beng
041 _2eng
_aeng
100 _aSINGH Anjali
_9700172
245 0 _aAyodhya story
_b Analysing the supreme court verdict
260 _c2021
300 _a111p.
_ccm.
942 _cDIS
_2CC
999 _c1168622
_d1168622